00758nam a2200241 a 4500001001300000003000900013005001700022008004100039020001300080082001600093100002700109245007500136260004900211300000900260500003500269505002400304650001300328700002700341902000800368942000700376952011800383999001500501nice12345678IN_TiNIC20260116011831.0050524s1973 newa grp 000 0 eng  ac2110.500a909.07bBUR aBurn, Robert Ignatiyus aIslam Under the Crusaders, Colonial Survival in the Thirteenth Century aNew JersybPrinceston University Pressc1973 a475p aincludes index and biblioraphy2 aBibliography, Index aCrusades1 aBurn, Robert Ignatiyus bSRS cBK 001040708StackRoom-aHMIbHMId2007-06-05g2110.50l0o909.07 BURp09729r2007-06-05v2110.50w2005-05-24yBK c4312d4312